| 000 | 00779nam a2200265 4500 | ||
|---|---|---|---|
| 001 | 3244 | ||
| 003 | HMS | ||
| 005 | 20260309160443.0 | ||
| 008 | 701105s1970 njua s 001 0 eng | ||
| 010 | _a 70121723 | ||
| 020 | _a9780139359736 | ||
| 040 |
_ahms _cspa _dhms |
||
| 050 | 0 | 0 |
_aHB171 _b.H49 1970 |
| 082 | 0 | 0 | _a339 |
| 100 | 1 |
_aHeilbroner, Robert L. _95593 |
|
| 245 | 1 | 0 |
_aComprensión de la macroeconomía / _cRobert L. Heilbroner. _b[libro] |
| 246 | _aUnderstanding macroeconomics | ||
| 250 | _aReimpresión de 1976 | ||
| 260 |
_aMéxico : _bEditorial Hispanoa-Americana, _c1976 |
||
| 300 |
_axii, 228 páginas: _bcol. illus.; _c24 cm. |
||
| 500 | _aIncluye índice | ||
| 650 | 0 |
_aMacroeconomics. _95594 |
|
| 650 | 0 |
_aEconomía _95595 |
|
| 942 |
_2ddc _cCOL GRAL _n0 |
||
| 999 |
_c3244 _d3244 |
||